[Event "ChBLR2010w"]
[Site "Minsk"]
[Date "2010.01.14"]
[Round "1.1"]
[White "Belko, Irina"]
[Black "Kaliadzich, Maryia"]
[Result "1-0"]
[WhiteElo "2032"]
[BlackElo "1843"]
[PlyCount "119"]
[EventDate "2010.01.14"]
[SourceDate "2010.01.15"]

1. d4 d5 2. Nf3 Nf6 3. e3 e6 4. Bd3 c5 5. b3 Nc6 6. Bb2 Bd6 7. O-O O-O 8. Nbd2
cxd4 9. exd4 Bd7 10. a3 Rc8 11. Ne5 Qb6 12. Ndf3 Na5 13. Qe2 a6 14. Rae1 Qc7
15. Nxd7 Qxd7 16. Ne5 Qe7 17. b4 Nc6 18. f4 Bb8 19. f5 Ba7 20. Nxc6 Rxc6 21.
Kh1 Re8 22. c4 Qc7 23. c5 b5 24. Bc1 Bb8 25. Bf4 Qb7 26. Qf3 Bxf4 27. Qxf4 Qc7
28. Qxc7 Rxc7 29. fxe6 fxe6 30. Re2 Rce7 31. Rfe1 Kf7 32. a4 Rb8 33. axb5 axb5
34. Ra2 Ne8 35. Ra5 Nc7 36. Rf1+ Kg8 37. Ra7 g6 38. h4 Kg7 39. Rf2 Rf8 40. Rxf8
Kxf8 41. Rb7 Rf7 42. Kh2 Ke8 43. Kg3 Re7 44. Bxb5+ Nxb5 45. Rxb5 e5 46. c6 exd4
47. Rxd5 Re3+ 48. Kf4 Rc3 49. b5 d3 50. Ke4 d2 51. Rxd2 Rc5 52. Rd5 Rc1 53. Ke5
Rc2 54. Kd6 Kd8 55. b6 Kc8 56. Ra5 Rd2+ 57. Ke6 Kb8 58. b7 Rd6+ 59. Kxd6 h5 60.
Ra8# 1-0

[Event "ChBLR2010w"]
[Site "Minsk"]
[Date "2010.01.14"]
[Round "1.2"]
[White "Stetsko, Lanita"]
[Black "Ziaziulkina, Nastasia"]
[Result "0-1"]
[WhiteElo "2081"]
[BlackElo "2159"]
[PlyCount "94"]
[EventDate "2010.01.14"]
[SourceDate "2010.01.15"]

1. c4 c6 2. d4 d5 3. Nc3 Nf6 4. Nf3 dxc4 5. a4 e6 6. e3 c5 7. Bxc4 Nc6 8. O-O
cxd4 9. Nxd4 Bd7 10. b3 Bb4 11. Bb2 O-O 12. Rc1 Qe7 13. Ncb5 Rfd8 14. Qe2 e5
15. Nxc6 Bxc6 16. Rfd1 a6 17. Nc3 Rxd1+ 18. Rxd1 Rc8 19. Nd5 Nxd5 20. Bxd5 Bxd5
21. Rxd5 f6 22. Qd3 Rc7 23. h3 g6 24. h4 Qe6 25. Qe4 Be7 26. f4 Qg4 27. Rxe5
fxe5 28. Qxe5 Rc1+ 29. Bxc1 Qxh4 30. Qe6+ Kf8 31. Bd2 Qh5 32. Qc8+ Kf7 33. Qc7
Ke8 34. Qc1 Qd5 35. Qe1 Qxb3 36. a5 g5 37. f5 g4 38. e4 Bc5+ 39. Kh2 Qf7 40.
Qh4 Bd6+ 41. Kh1 Qc4 42. Qe1 Qf7 43. Qh4 Qb3 44. Qh5+ Kd7 45. Qxh7+ Kc6 46. Qh4
g3 47. Be3 Qxe3 0-1

[Event "ChBLR2010w"]
[Site "Minsk"]
[Date "2010.01.14"]
[Round "1.3"]
[White "Khudaya, Iryna"]
[Black "Homiakova, Ekaterina"]
[Result "1/2-1/2"]
[WhiteElo "2110"]
[BlackElo "2142"]
[PlyCount "61"]
[EventDate "2010.01.14"]
[SourceDate "2010.01.15"]

1. e4 c5 2. Nf3 Nc6 3. c3 d5 4. exd5 Qxd5 5. d4 Bg4 6. Be2 e6 7. O-O Nf6 8. h3
Bh5 9. Be3 cxd4 10. cxd4 Be7 11. Nc3 Qd6 12. Qa4 O-O 13. a3 a6 14. b4 b5 15.
Qb3 Rac8 16. Rfd1 Rfd8 17. Rac1 Bg6 18. Nh4 Be4 19. Nxe4 Nxe4 20. Nf3 Qd5 21.
Qxd5 exd5 22. Rc2 Nd6 23. Rdc1 Bf6 24. Kf1 Nc4 25. Bxc4 dxc4 26. d5 Ne5 27.
Nxe5 Bxe5 28. Bc5 Bd6 29. Bb6 Bc7 30. Bc5 Bd6 31. Bb6 1/2-1/2

[Event "ChBLR2010w"]
[Site "Minsk"]
[Date "2010.01.14"]
[Round "1.4"]
[White "Homiakova, Elena"]
[Black "Kasperovich, Ekaterina"]
[Result "1-0"]
[WhiteElo "2124"]
[BlackElo "2101"]
[PlyCount "107"]
[EventDate "2010.01.14"]
[SourceDate "2010.01.15"]

1. e4 c5 2. Nf3 e6 3. Nc3 a6 4. d4 cxd4 5. Nxd4 b5 6. Bd3 Qb6 7. Nb3 Qc7 8. O-O
Bb7 9. Kh1 Nf6 10. Re1 b4 11. e5 bxc3 12. exf6 gxf6 13. Be4 Bxe4 14. Rxe4 f5
15. Re3 Bg7 16. Nd4 Bf6 17. Rxc3 Nc6 18. Be3 Rd8 19. f4 Qb7 20. Rb3 Qa8 21. Qd2
Rg8 22. Nf3 Ne7 23. Bc5 h5 24. Rd1 Qc6 25. Bd4 Bxd4 26. Nxd4 Qa8 27. Nf3 Ng6
28. Rd3 Qa7 29. Ng5 Qb7 30. Rb3 Qc7 31. Nh7 Rh8 32. Nf6+ Ke7 33. Qd4 d6 34. Re1
Kf8 35. Rc3 Qb7 36. Rg3 Rh6 37. Nxh5 Rxh5 38. Rxg6 fxg6 39. Qf6+ Qf7 40. Qxd8+
Kg7 41. Qxd6 Qf6 42. Rxe6 Qxb2 43. Qe7+ Kh6 44. Qf8+ Qg7 45. Qxg7+ Kxg7 46.
Rxa6 Rh8 47. Ra4 Rc8 48. c4 Kf6 49. Kg1 Rc6 50. Kf2 Re6 51. c5 Kf7 52. Rc4 Rc6
53. Ke3 Ke6 54. Kd4 1-0

[Event "ChBLR2010w"]
[Site "Minsk"]
[Date "2010.01.14"]
[Round "1.5"]
[White "Klimets, Elena"]
[Black "Gerasimovitch, Olga"]
[Result "0-1"]
[WhiteElo "2094"]
[BlackElo "2121"]
[PlyCount "28"]
[EventDate "2010.01.14"]
[SourceDate "2010.01.15"]

1. e4 c5 2. Nc3 d6 3. f4 Nc6 4. Nf3 g6 5. Bb5 Bg7 6. Bxc6+ bxc6 7. O-O Nf6 8.
Qe1 O-O 9. d3 Rb8 10. Qh4 Nd7 11. f5 e6 12. fxe6 Qxh4 13. exf7+ Rxf7 14. Nxh4
Bd4+ 0-1

[Event "ChBLR2010w"]
[Site "Minsk"]
[Date "2010.01.15"]
[Round "2.1"]
[White "Kaliadzich, Maryia"]
[Black "Gerasimovitch, Olga"]
[Result "0-1"]
[WhiteElo "1843"]
[BlackElo "2121"]
[PlyCount "116"]
[EventDate "2010.01.14"]
[SourceDate "2010.01.15"]

1. e4 c5 2. Nf3 d6 3. d4 cxd4 4. Nxd4 Nf6 5. Nc3 a6 6. Be2 e5 7. Nb3 Be7 8. O-O
O-O 9. Qd3 b5 10. Bg5 Nbd7 11. a4 b4 12. Nd5 Nxd5 13. Qxd5 Rb8 14. Bxe7 Qxe7
15. Rfd1 Rb6 16. a5 Nf6 17. Qd3 Rc6 18. Nd2 Be6 19. Ra4 d5 20. Bf3 d4 21. Rc1
Rfc8 22. g3 Qb7 23. Bd1 Nd7 24. Raa1 Qc7 25. Kg2 Nc5 26. Qf3 Nb7 27. Nb3 Qd7
28. Rcb1 f5 29. Kg1 Nd6 30. Nd2 Rf8 31. Qe2 Qf7 32. Nf3 Rc5 33. Ng5 Qf6 34.
Nxe6 Qxe6 35. c3 fxe4 36. cxb4 Rb5 37. Ra3 Qf5 38. g4 Qf4 39. Rg3 Rxb4 40. Bb3+
Kh8 41. Bd5 Rb5 42. Be6 Rxa5 43. g5 Rc5 44. Qh5 Qxf2+ 45. Kh1 g6 46. Qh6 Rc7
47. Rbg1 Rg7 48. R1g2 Qf1+ 49. Rg1 Qf2 50. R1g2 Qf1+ 51. Rg1 Qf4 52. h4 Nf5 53.
Bxf5 Qxf5 54. h5 e3 55. hxg6 Qxg6 56. Qh2 Qe4+ 57. Qg2 Qxg2+ 58. R1xg2 e4 0-1

[Event "ChBLR2010w"]
[Site "Minsk"]
[Date "2010.01.15"]
[Round "2.2"]
[White "Kasperovich, Ekaterina"]
[Black "Klimets, Elena"]
[Result "0-1"]
[WhiteElo "2101"]
[BlackElo "2094"]
[PlyCount "94"]
[EventDate "2010.01.14"]
[SourceDate "2010.01.15"]

1. d4 d6 2. Nf3 g6 3. c4 Bg7 4. Nc3 c5 5. e3 cxd4 6. exd4 Nc6 7. d5 Nb8 8. h3
Nf6 9. Be2 O-O 10. O-O a5 11. Be3 Na6 12. Nd4 Nc5 13. Qc2 Bd7 14. b3 Qc8 15.
Kh2 Na6 16. a3 Nc7 17. Qd2 Na6 18. Bf3 Ne8 19. Rac1 Nc5 20. Nce2 a4 21. b4 Nb3
22. Nxb3 axb3 23. Bd4 Rxa3 24. Qb2 Ra8 25. Qxb3 Bh6 26. Be3 Bg7 27. c5 Bb5 28.
cxd6 Qb8 29. Bf4 Nxd6 30. Rfe1 Qd8 31. Nc3 Bc4 32. Qd1 Re8 33. Kg1 Qb6 34. Bxd6
exd6 35. Rxe8+ Rxe8 36. Qa4 Qd8 37. Qc2 Qe7 38. Rd1 b5 39. Qd2 Qe5 40. Ne4 h6
41. g4 Ra8 42. Kg2 Ra2 43. Qe1 Qf4 44. Ng3 Be5 45. Nf1 Bxf1+ 46. Kxf1 Qxf3 47.
Kg1 Bh2+ 0-1

[Event "ChBLR2010w"]
[Site "Minsk"]
[Date "2010.01.15"]
[Round "2.4"]
[White "Ziaziulkina, Nastasia"]
[Black "Khudaya, Iryna"]
[Result "1-0"]
[WhiteElo "2159"]
[BlackElo "2110"]
[PlyCount "109"]
[EventDate "2010.01.14"]
[SourceDate "2010.01.15"]

1. e4 c5 2. Nf3 Nc6 3. d4 cxd4 4. Nxd4 g6 5. Nc3 Bg7 6. Be3 Nf6 7. Bc4 Qa5 8.
O-O O-O 9. Bb3 d6 10. h3 Bd7 11. Re1 Rac8 12. Nd5 Rfe8 13. Bd2 Qc5 14. Nf3 Nxd5
15. exd5 Ne5 16. Nxe5 dxe5 17. Bc3 a5 18. a4 f6 19. Qd2 b6 20. Rad1 Qd6 21. Kh1
Kh8 22. Qe3 Bf5 23. Rf1 g5 24. Qe2 Bg6 25. f3 Red8 26. Be1 Qc7 27. c3 Rd6 28.
Bf2 Qd7 29. Rc1 f5 30. c4 Rc5 31. Bxc5 bxc5 32. Qe3 Qc7 33. Qxg5 Bf6 34. Qd2
Kg7 35. Bd1 h6 36. Qe1 Kh7 37. Rc3 Rd8 38. Rb3 Rg8 39. Bc2 e4 40. fxe4 f4 41.
Rb5 Qe5 42. Rxc5 Qxb2 43. Qc1 Qd4 44. Rc7 Rg7 45. c5 Be5 46. Rc6 Be8 47. Re6
Bd7 48. Rxe5 Bxh3 49. gxh3 Qxe5 50. Qxf4 Qc3 51. Qf5+ Kh8 52. e5 Qd2 53. Be4
Qe3 54. c6 Rg8 55. Qh7# 1-0

[Event "ChBLR2010w"]
[Site "Minsk"]
[Date "2010.01.15"]
[Round "2.5"]
[White "Belko, Irina"]
[Black "Stetsko, Lanita"]
[Result "0-1"]
[WhiteElo "2032"]
[BlackElo "2081"]
[PlyCount "30"]
[EventDate "2010.01.14"]
[SourceDate "2010.01.15"]

1. d4 d5 2. Nf3 Nf6 3. e3 g6 4. Bd3 Bg7 5. Ne5 O-O 6. O-O c5 7. b3 Nc6 8. Bb2
Nxe5 9. dxe5 Ng4 10. Qe2 Nxe5 11. c4 Be6 12. cxd5 Qxd5 13. Rd1 Bg4 14. f3 Nxf3+
15. gxf3 Bxf3 0-1

[Event "ChBLR2010w"]
[Site "Minsk"]
[Date "2010.01.16"]
[Round "3.1"]
[White "Stetsko, Lanita"]
[Black "Kaliadzich, Maryia"]
[Result "0-1"]
[WhiteElo "2081"]
[BlackElo "1843"]
[PlyCount "54"]
[EventDate "2010.01.14"]
[SourceDate "2010.01.15"]

1. e4 c6 2. d4 d5 3. Nc3 dxe4 4. Nxe4 Bf5 5. Ng3 Bg6 6. h4 h6 7. Nf3 Nd7 8. h5
Bh7 9. Bd3 Bxd3 10. Qxd3 Qc7 11. Bd2 Ngf6 12. O-O-O e6 13. Qe2 O-O-O 14. Ne5
Nxe5 15. dxe5 Nd7 16. f4 Nb6 17. Ne4 Be7 18. Rh3 Rd4 19. Rg3 Na4 20. Rxg7 Qb6
21. b3 Ba3+ 22. Kb1 Rhd8 23. Rg3 Rxe4 24. Qxe4 Rxd2 25. Rf1 Qd8 26. Qf3 Nc3+
27. Ka1 Rxc2 0-1

[Event "ChBLR2010w"]
[Site "Minsk"]
[Date "2010.01.16"]
[Round "3.2"]
[White "Khudaya, Iryna"]
[Black "Belko, Irina"]
[Result "0-1"]
[WhiteElo "2110"]
[BlackElo "2032"]
[PlyCount "96"]
[EventDate "2010.01.14"]
[SourceDate "2010.01.15"]

1. f4 d5 2. Nf3 Nf6 3. d3 c5 4. g3 g6 5. Bg2 Bg7 6. O-O O-O 7. Qe1 Nc6 8. Na3
d4 9. Bd2 e5 10. fxe5 Ng4 11. Nc4 Ngxe5 12. Ncxe5 Nxe5 13. Nxe5 Bxe5 14. Bh6
Re8 15. Qf2 Qc7 16. Rab1 Be6 17. b3 Rac8 18. e4 b5 19. Bf4 Re7 20. a4 a6 21.
axb5 axb5 22. Qd2 Rd7 23. Ra1 c4 24. bxc4 bxc4 25. Qb4 Rb8 26. Qa4 Kg7 27. Qa6
Rb2 28. Rac1 h6 29. Rf2 g5 30. Bxe5+ Qxe5 31. Rcf1 Rdb7 32. Qc6 Rb8 33. Qa6 c3
34. Qa7 R8b7 35. Qa1 g4 36. Qc1 Qg5 37. Rf4 Ra7 38. e5 Raa2 39. R1f2 Qxe5 40.
Re4 Qb8 41. Bf1 Rb1 42. Qf4 Qxf4 43. Rexf4 Rc1 44. Rxd4 Rcxc2 45. Rff4 Rxh2 46.
Rd6 c2 47. Rc6 Rd2 48. Bg2 Rxg2+ 0-1

[Event "ChBLR2010w"]
[Site "Minsk"]
[Date "2010.01.16"]
[Round "3.3"]
[White "Homiakova, Elena"]
[Black "Ziaziulkina, Nastasia"]
[Result "1-0"]
[WhiteElo "2124"]
[BlackElo "2159"]
[PlyCount "105"]
[EventDate "2010.01.14"]
[SourceDate "2010.01.15"]

1. e4 c5 2. Nf3 d6 3. d4 cxd4 4. Nxd4 Nf6 5. Nc3 a6 6. Be2 e6 7. O-O Be7 8. a4
Nc6 9. Be3 O-O 10. f4 Qc7 11. Kh1 Re8 12. Bf3 Rb8 13. Qd2 Bd7 14. Qf2 Nxd4 15.
Bxd4 e5 16. Bb6 Qc4 17. Be2 Qc6 18. fxe5 dxe5 19. a5 Be6 20. Rad1 Kh8 21. Qg3
Bc5 22. Qxe5 Bxb6 23. axb6 Bc4 24. Qc7 Bxe2 25. Nxe2 Qxe4 26. Ng3 Qg6 27. Nf5
Ne4 28. c4 Qg4 29. Qd7 h6 30. Qd4 Re6 31. Ne3 Qh5 32. Kg1 Rbe8 33. Nd5 Rg6 34.
Nf4 Qg4 35. Nxg6+ Qxg6 36. Rde1 f5 37. c5 Qe6 38. b4 Re7 39. Rd1 Nf6 40. Qd8+
Kh7 41. Qd3 g6 42. Qd2 Qe5 43. Rfe1 Ne4 44. Qd4 Qf4 45. Qe3 Qe5 46. Rd8 Rg7 47.
Qd4 Qe7 48. Rc8 Qh4 49. Rd1 Qf4 50. Rc7 Rxc7 51. bxc7 Qxc7 52. Qd7+ Qxd7 53.
Rxd7+ 1-0

[Event "ChBLR2010w"]
[Site "Minsk"]
[Date "2010.01.16"]
[Round "3.4"]
[White "Klimets, Elena"]
[Black "Homiakova, Ekaterina"]
[Result "0-1"]
[WhiteElo "2094"]
[BlackElo "2142"]
[PlyCount "100"]
[EventDate "2010.01.14"]
[SourceDate "2010.01.15"]

1. e4 e5 2. Nc3 Nf6 3. Bc4 Nc6 4. d3 Bb4 5. Bg5 h6 6. Bxf6 Bxc3+ 7. bxc3 Qxf6
8. Ne2 d6 9. Qd2 g5 10. f3 Ne7 11. O-O-O Be6 12. Bb3 O-O-O 13. c4 Qg7 14. Qc3
Kb8 15. Kb1 c5 16. Ba4 f5 17. Ka1 Ka8 18. Rb1 Ng6 19. Qa5 Rc8 20. Rb6 fxe4 21.
fxe4 Qc7 22. Rhb1 Rh7 23. Nc3 Rf7 24. Nd1 Nf4 25. g3 Ne2 26. c3 Ng1 27. Bc2 Nf3
28. Qa3 Nxh2 29. Ne3 Ng4 30. Nd5 Bxd5 31. exd5 Ne3 32. R6b2 Rf2 33. Bd1 Rxb2
34. Qxb2 Rf8 35. Bh5 Nf5 36. Rf1 Qg7 37. Qf2 g4 38. Be8 Rxe8 39. Qxf5 e4 40.
dxe4 Qxc3+ 41. Kb1 a6 42. Rf4 Qxc4 43. Rxg4 Qd3+ 44. Kc1 Qe3+ 45. Kd1 c4 46.
Qf4 Qd3+ 47. Kc1 c3 48. Qf2 Rc8 49. Rf4 c2 50. Qe1 Qa3+ 0-1

[Event "ChBLR2010w"]
[Site "Minsk"]
[Date "2010.01.16"]
[Round "3.5"]
[White "Gerasimovitch, Olga"]
[Black "Kasperovich, Ekaterina"]
[Result "1-0"]
[WhiteElo "2121"]
[BlackElo "2101"]
[PlyCount "71"]
[EventDate "2010.01.14"]
[SourceDate "2010.01.15"]

1. e4 c5 2. Nf3 d6 3. d4 cxd4 4. Nxd4 Nf6 5. Nc3 e6 6. Be3 a6 7. f3 Be7 8. Qd2
Qc7 9. g4 h6 10. O-O-O Nc6 11. h4 Ne5 12. Bd3 Nxd3+ 13. cxd3 e5 14. Nc2 Be6 15.
g5 hxg5 16. hxg5 Nh5 17. Kb1 b5 18. Nb4 Qb7 19. d4 a5 20. Nd3 b4 21. Ne2 Qb5
22. d5 Bc8 23. Ng3 g6 24. Qg2 Ba6 25. Nxh5 gxh5 26. f4 b3 27. a3 Rc8 28. g6 Rc2
29. gxf7+ Kxf7 30. Qf3 Ke8 31. fxe5 Qxd3 32. Rxd3 Bxd3 33. Ka1 dxe5 34. Bc1 Be2
35. Qxb3 Rc8 36. d6 1-0

[Event "ChBLR2010w"]
[Site "Minsk"]
[Date "2010.01.17"]
[Round "4.1"]
[White "Kaliadzich, Maryia"]
[Black "Kasperovich, Ekaterina"]
[Result "1/2-1/2"]
[WhiteElo "1843"]
[BlackElo "2101"]
[PlyCount "82"]
[EventDate "2010.01.14"]
[SourceDate "2010.01.15"]

1. e4 Nf6 2. e5 Nd5 3. c4 Nb6 4. d4 d6 5. Nf3 g6 6. exd6 cxd6 7. Be3 Bg7 8. Be2
O-O 9. Nc3 Nc6 10. Qd2 d5 11. b3 dxc4 12. bxc4 Bg4 13. c5 Nd5 14. Nxd5 Qxd5 15.
O-O e5 16. dxe5 Qxd2 17. Bxd2 Nxe5 18. Rab1 Nxf3+ 19. Bxf3 Bxf3 20. gxf3 Rfd8
21. Be3 Rd7 22. Rb3 Bf8 23. Rfb1 Rc8 24. Rxb7 Rxb7 25. Rxb7 Bxc5 26. Bxc5 Rxc5
27. Rxa7 Rg5+ 28. Kf1 Rh5 29. Kg2 Rg5+ 30. Kh3 Rh5+ 31. Kg3 Rg5+ 32. Kh3 Rh5+
33. Kg2 Rg5+ 34. Kh1 Rf5 35. Ra3 Kg7 36. Re3 Ra5 37. a3 Kf6 38. Kg2 Rg5+ 39.
Kh1 Ra5 40. h3 Kg5 41. Kg2 f5 1/2-1/2

[Event "ChBLR2010w"]
[Site "Minsk"]
[Date "2010.01.17"]
[Round "4.2"]
[White "Homiakova, Ekaterina"]
[Black "Gerasimovitch, Olga"]
[Result "1/2-1/2"]
[WhiteElo "2124"]
[BlackElo "2121"]
[PlyCount "102"]
[EventDate "2010.01.14"]
[SourceDate "2010.01.15"]

1. e4 c5 2. Nf3 d6 3. d4 cxd4 4. Nxd4 Nf6 5. Nc3 a6 6. Be2 e5 7. Nb3 Be7 8. O-O
O-O 9. Kh1 Nbd7 10. a4 Qc7 11. Be3 Nb6 12. a5 Nc4 13. Bxc4 Qxc4 14. Bg5 Qc6 15.
Bxf6 Bxf6 16. Nd5 Bd8 17. Qe2 Be6 18. Rfd1 f5 19. f3 fxe4 20. fxe4 Rc8 21. c3
Qc4 22. Qc2 Bxd5 23. exd5 Bg5 24. Nd2 Bxd2 25. Qxd2 Rf4 26. h3 Rcf8 27. Qe3
R8f6 28. Kh2 Re4 29. Qd3 Qxd3 30. Rxd3 Re2 31. b4 Rff2 32. Rg1 h5 33. c4 Kf7
34. c5 h4 35. cxd6 Ke8 36. Rc3 Kd7 37. Rc7+ Kxd6 38. Rxb7 Rb2 39. Rxg7 e4 40.
Re1 Kxd5 41. Rd7+ Kc6 42. Rg7 Rxb4 43. Rg4 Kd5 44. Rxh4 Ra4 45. Rg4 Rf5 46. h4
Re5 47. Rg6 Rxa5 48. Rd1+ Kc5 49. Rg8 e3 50. Rc8+ Kb6 51. Rc2 Ra4 1/2-1/2

[Event "ChBLR2010w"]
[Site "Minsk"]
[Date "2010.01.17"]
[Round "4.3"]
[White "Ziaziulkina, Nastasia"]
[Black "Klimets, Elena"]
[Result "1-0"]
[WhiteElo "2159"]
[BlackElo "2094"]
[PlyCount "93"]
[EventDate "2010.01.14"]
[SourceDate "2010.01.15"]

1. e4 d6 2. d4 Nf6 3. Nc3 g6 4. f4 Bg7 5. Nf3 O-O 6. Bd3 Na6 7. O-O c5 8. d5
Bg4 9. Bc4 Nc7 10. h3 Bxf3 11. Qxf3 e6 12. dxe6 fxe6 13. Be3 b6 14. Rad1 Qe7
15. Bf2 Nd7 16. Qg4 Rad8 17. Rfe1 Kh8 18. Bg3 Bd4+ 19. Kh1 Nf6 20. Qh4 Qg7 21.
Nb5 Nxb5 22. Bxb5 Nh5 23. c3 Bf6 24. Qg4 Nxg3+ 25. Qxg3 d5 26. e5 Be7 27. Be2
g5 28. Qg4 gxf4 29. Qxe6 Bh4 30. Rf1 Rfe8 31. Qg4 Bg3 32. e6 Qe5 33. Bd3 Rxe6
34. Rd2 Rg8 35. Qf3 Qg5 36. Bc2 Re5 37. Bb3 c4 38. Ba4 Rg6 39. b3 Be1 40. Re2
Bg3 41. bxc4 dxc4 42. Bc2 Rg8 43. Qb7 Rg7 44. Qb8+ Rg8 45. Qxe5+ Qxe5 46. Rxe5
f3 47. Rh5 1-0

[Event "ChBLR2010w"]
[Site "Minsk"]
[Date "2010.01.17"]
[Round "4.5"]
[White "Stetsko, Lanita"]
[Black "Khudaya, Iryna"]
[Result "1-0"]
[WhiteElo "2081"]
[BlackElo "2110"]
[PlyCount "69"]
[EventDate "2010.01.14"]
[SourceDate "2010.01.15"]

1. e4 c6 2. d4 d5 3. Nc3 g6 4. e5 Bg7 5. f4 h5 6. Be3 Nh6 7. h3 Nf5 8. Bf2 Qb6
9. Rb1 Qb4 10. Nf3 e6 11. Bd3 b6 12. Qe2 a6 13. O-O Qe7 14. Nd1 a5 15. g4 hxg4
16. hxg4 Nh6 17. Ne3 Ba6 18. Kg2 Bxd3 19. Qxd3 Na6 20. a3 Nc7 21. Bh4 Qd7 22.
Bg5 c5 23. c3 Qb5 24. Qc2 Ng8 25. Rh1 Kd7 26. Rxh8 Bxh8 27. Rh1 Bg7 28. Rh7 Ne8
29. f5 gxf5 30. gxf5 Kc6 31. f6 a4 32. fxg7 Qb3 33. Qxb3 axb3 34. Ng4 Rxa3 35.
bxa3 1-0

[Event "ChBLR2010w"]
[Site "Minsk"]
[Date "2010.01.18"]
[Round "5.1"]
[White "Khudaya, Iryna"]
[Black "Kaliadzich, Maryia"]
[Result "0-1"]
[WhiteElo "2110"]
[BlackElo "1843"]
[PlyCount "104"]
[EventDate "2010.01.14"]
[SourceDate "2010.01.15"]

1. e4 c6 2. d4 d5 3. f3 e6 4. Nc3 Nf6 5. Bf4 Bb4 6. Qd3 c5 7. O-O-O c4 8. Qe3
Qa5 9. Nge2 O-O 10. a3 Bxc3 11. Nxc3 b5 12. Bd6 Re8 13. Qg5 Bb7 14. e5 Nfd7 15.
Ne2 Nc6 16. Qd2 Qb6 17. h4 a5 18. Rh3 b4 19. Rg3 Kh8 20. Nf4 Rg8 21. Nh5 bxa3
22. Bxa3 Nb4 23. Qf4 Na2+ 24. Kd2 c3+ 25. bxc3 Rac8 26. Bd3 Rxc3 27. Nf6 gxf6
28. exf6 Rxa3 29. Rxg8+ Kxg8 30. Qh6 Rxd3+ 31. cxd3 Qb2+ 32. Ke3 Qxg2 33. Rd2
Qg1+ 34. Kf4 Nf8 35. h5 Nc3 36. Qg7+ Qxg7 37. fxg7 Kxg7 38. Rc2 Nb5 39. Rc5
Nxd4 40. Rxa5 Nf5 41. Ra7 Bc6 42. Kg5 h6+ 43. Kf4 Bb5 44. Ra3 Nd7 45. Rb3 Ba6
46. Ra3 Nc5 47. Kg4 Bxd3 48. Ra5 Nd7 49. Kf4 Bf1 50. Ra1 Bh3 51. Rg1+ Kf6 52.
Re1 Nc5 0-1

[Event "ChBLR2010w"]
[Site "Minsk"]
[Date "2010.01.18"]
[Round "5.2"]
[White "Homiakova, Elena"]
[Black "Stetsko, Lanita"]
[Result "0-1"]
[WhiteElo "2124"]
[BlackElo "2081"]
[PlyCount "156"]
[EventDate "2010.01.14"]
[SourceDate "2010.01.15"]

1. e4 e6 2. d4 d5 3. Nd2 a6 4. Ngf3 c5 5. exd5 exd5 6. Be2 c4 7. O-O Bd6 8. Re1
Ne7 9. Nf1 Nbc6 10. Bg5 O-O 11. Ne3 f6 12. Bh4 b5 13. Bg3 Bxg3 14. hxg3 Qd6 15.
Qd2 Nf5 16. Nxf5 Bxf5 17. c3 Rae8 18. Nh2 Be4 19. Nf1 Re6 20. Ne3 f5 21. Nf1 f4
22. Bg4 Rg6 23. Bh3 f3 24. gxf3 Bxf3 25. Bg2 Bxg2 26. Kxg2 Rh6 27. Ne3 Qe6 28.
f3 Rxf3 29. Nxc4 Qh3+ 30. Kxf3 Rf6+ 31. Qf4 Rxf4+ 32. Kxf4 bxc4 33. Re8+ Kf7
34. Rae1 g6 35. Kf3 Qd7 36. R8e2 Kf6 37. Kg2 Nd8 38. Rf1+ Kg7 39. Rfe1 Kf6 40.
Rf1+ Kg7 41. Rfe1 Nc6 42. Re6 h5 43. Kh2 Kh6 44. Re8 Kg5 45. R8e6 Qc7 46. Kh3
Nd8 47. R6e5+ Kh6 48. Re7 Qc8+ 49. Kh2 Qf5 50. Kg2 Nc6 51. R7e6 Na5 52. R1e2
Nb7 53. R6e5 Qg4 54. Kh2 Nd6 55. Rg2 Nf5 56. Re8 Qf3 57. Rf8 Kg5 58. Kg1 Qd1+
59. Kf2 Qd2+ 60. Kg1 Qc1+ 61. Kh2 Ne3 62. Re2 Ng4+ 63. Kg2 Ne3+ 64. Kh2 Nf5 65.
Rfe8 Kg4 66. R8e6 g5 67. Rg2 h4 68. gxh4+ Kxh4 69. Rf2 Ng7 70. Rh6+ Nh5 71. Kg2
Kg4 72. Kh2 Qe3 73. Rg2+ Kh4 74. Kh1 Qe1+ 75. Rg1 Qe4+ 76. Rg2 g4 77. Rh8 g3
78. Rh6 Kg5 0-1

[Event "ChBLR2010w"]
[Site "Minsk"]
[Date "2010.01.18"]
[Round "5.4"]
[White "Gerasimovitch, Olga"]
[Black "Ziaziulkina, Nastasia"]
[Result "0-1"]
[WhiteElo "2121"]
[BlackElo "2159"]
[PlyCount "130"]
[EventDate "2010.01.14"]
[SourceDate "2010.01.15"]

1. d4 d5 2. c4 c6 3. Nf3 Nf6 4. Nc3 dxc4 5. a4 e6 6. e3 c5 7. Bxc4 Nc6 8. O-O
cxd4 9. exd4 Be7 10. Bg5 O-O 11. Re1 Nb4 12. Qd2 Re8 13. Rad1 Nbd5 14. Bxf6
Nxf6 15. Ne5 Nd5 16. Qd3 Nxc3 17. Qxc3 Qb6 18. Re2 Bf6 19. a5 Qd6 20. Qb3 Qc7
21. Qc3 Qd6 22. Ng4 Be7 23. Ne3 Bd7 24. d5 e5 25. Bd3 Bf6 26. Nf5 Bxf5 27. Bxf5
g6 28. Be4 Bg7 29. Bb1 Rac8 30. Qb3 Re7 31. Rc2 Rxc2 32. Qxc2 Rc7 33. Qa4 Bf6
34. Ba2 Kg7 35. g3 Be7 36. Qb3 Qf6 37. Qd3 Bc5 38. Rf1 Re7 39. Qe4 Bd4 40. b4
Qd6 41. b5 Qb4 42. Qe2 Qxa5 43. h4 h5 44. g4 hxg4 45. d6 Rd7 46. Qxg4 Rxd6 47.
Bc4 Rf6 48. h5 Qd2 49. Bxf7 Bxf2+ 50. Kh1 Kxf7 51. Qc4+ Kg7 52. b6 axb6 53.
Qc7+ Kh6 54. hxg6 Kxg6 55. Qxe5 Qh6+ 56. Kg2 Qg5+ 57. Qxg5+ Kxg5 58. Rxf2 Rxf2+
59. Kxf2 Kf4 60. Ke2 Ke4 61. Kd2 Kd4 62. Kc2 Kc4 63. Kb2 Kb4 64. Kc2 Ka3 65.
Kb1 b5 0-1

[Event "ChBLR2010w"]
[Site "Minsk"]
[Date "2010.01.18"]
[Round "5.5"]
[White "Kasperovich, Ekaterina"]
[Black "Homiakova, Ekaterina"]
[Result "0-1"]
[WhiteElo "2101"]
[BlackElo "2142"]
[PlyCount "94"]
[EventDate "2010.01.14"]
[SourceDate "2010.01.15"]

1. d4 Nf6 2. Nf3 g6 3. Nc3 d5 4. h3 Bg7 5. Bf4 O-O 6. e3 Bf5 7. Bd3 Ne4 8. g4
Nxc3 9. bxc3 Bxd3 10. Qxd3 Nd7 11. g5 Re8 12. Be5 f6 13. gxf6 exf6 14. Bf4 Nb6
15. Nd2 Rc8 16. a4 c5 17. a5 c4 18. Qe2 Nd7 19. Kf1 Nf8 20. Kg2 Ne6 21. Bg3 f5
22. Qd1 Rf8 23. f4 Re8 24. Qf3 Rc7 25. Rhb1 Bf6 26. Rb5 Rd7 27. Kh2 Ree7 28.
Qf2 Qe8 29. Re1 Nd8 30. Qf3 Qf7 31. Qg2 Nc6 32. Bf2 a6 33. Rb6 Nxa5 34. Nf3 Re6
35. Rbb1 b5 36. Red1 Nb7 37. Re1 Nd6 38. Nd2 Ne4 39. Nxe4 Rxe4 40. Rg1 Qe7 41.
Ra1 Rd6 42. Ra5 Bh4 43. Bxh4 Qxh4 44. Rga1 Rxe3 45. Rxa6 Qxf4+ 46. Kh1 Rxa6 47.
Qxd5+ Rae6 0-1

[Event "ChBLR2010w"]
[Site "Minsk"]
[Date "2010.01.19"]
[Round "6.1"]
[White "Kaliadzich, Maryia"]
[Black "Homiakova, Ekaterina"]
[Result "1/2-1/2"]
[WhiteElo "1843"]
[BlackElo "2142"]
[PlyCount "56"]
[EventDate "2010.01.14"]
[SourceDate "2010.01.15"]

1. e4 c5 2. Nf3 Nc6 3. d4 cxd4 4. Nxd4 g6 5. c4 Nf6 6. Nc3 d6 7. Be2 Nxd4 8.
Qxd4 Bg7 9. Be3 O-O 10. Qd2 Be6 11. Rc1 Qa5 12. O-O Rfc8 13. b3 a6 14. f3 b5
15. Nd5 Qxd2 16. Bxd2 Nxd5 17. cxd5 Bd4+ 18. Kh1 Bd7 19. Rfd1 Bb2 20. Rb1 Be5
21. Rdc1 Bd4 22. g3 Kf8 23. Kg2 Ke8 24. Bd3 Rxc1 25. Rxc1 Rc8 26. Rxc8+ Bxc8
27. a4 Bd7 28. g4 bxa4 1/2-1/2

[Event "ChBLR2010w"]
[Site "Minsk"]
[Date "2010.01.19"]
[Round "6.2"]
[White "Ziaziulkina, Nastasia"]
[Black "Kasperovich, Ekaterina"]
[Result "1-0"]
[WhiteElo "2159"]
[BlackElo "2101"]
[PlyCount "97"]
[EventDate "2010.01.14"]
[SourceDate "2010.01.15"]

1. e4 c5 2. Nf3 e6 3. d4 cxd4 4. Nxd4 a6 5. Bd3 Nf6 6. O-O d6 7. Kh1 b5 8. a4
bxa4 9. Rxa4 Bb7 10. Qe2 Be7 11. Nd2 O-O 12. N2b3 Qd7 13. Ra2 e5 14. Nf5 Bd8
15. f3 a5 16. Rd1 Qc7 17. Bc4 a4 18. Na1 Nc6 19. c3 Ne8 20. Bb5 Ne7 21. Nxe7+
Bxe7 22. Rxa4 Nf6 23. Nc2 d5 24. Rxa8 Rxa8 25. exd5 Bxd5 26. c4 Be6 27. Ne3 h5
28. Qe1 e4 29. f4 Qc5 30. Bd2 Rd8 31. b4 Qb6 32. Ba4 h4 33. f5 Bc8 34. Bc3 Rxd1
35. Bxd1 h3 36. gxh3 Qc7 37. c5 Qf4 38. Qg3 Qh6 39. Bd4 Ne8 40. b5 Bg5 41. Ng4
Qh7 42. Qe5 Bd7 43. c6 Qxf5 44. cxd7 Qxd7 45. b6 f5 46. b7 Qxb7 47. Qxe8+ Kh7
48. Qh5+ Kg8 49. Qxg5 1-0